Statistics for The REAL 25 Biggest Cities in The World

Click here to take the quiz!

General Stats

  • This quiz has been taken 17 times
  • The average score is 22 of 25

Answer Stats

#PopulationCityContinentOther Cities
In Country
% Correct
138 mio peopleTokyoAsiaNagoya
100%
1320 mio peopleBeijingAsiaGuangzhou
94%
1121 mio peopleCairoAfricaAlexandria
94%
235 mio peopleJakartaOceaniaBandung
94%
1818 mio peopleLos AngelesNorth AmericaWashington D. C.
94%
529 mio peopleMexico CityNorth AmericaGuadelajara
94%
726 mio peopleMumbaiAsiaBengaluru/
Bangalore
94%
922 mio peopleNew York CityNorth AmericaChicago
94%
824 mio peopleSeoulAsiaPusan/Busan
94%
431 mio peopleDelhiAsiaChennai
88%
2116 mio peopleIstanbulEuropeAnkara
88%
1519 mio peopleKarachiAsiaLahore
88%
1420 mio peopleLagosAfricaKano
88%
2514 mio peopleLondonEuropeBirmingham
88%
332 mio peopleManilaOceaniaQuezon City
88%
2017 mio peopleMoscowEuropeSaint Petersburg
88%
1022 mio peopleSáo PauloSouth AmericaBelo Horizonte
88%
626 mio peopleShanghaiAsiaTianjin
88%
2216 mio peopleBuenos AiresSouth AmericaCordoba
81%
1221 mio peopleDhakaAsiaChittagong
81%
2415 mio peopleKinshasaAfricaLubumbashi
81%
1619 mio peopleKolkataAsiaHyderabad
81%
1917 mio peopleOsakaAsiaSaporro
81%
1718 mio peopleBangkokAsiaSamut Prakan
75%
2316 mio peopleTehranAsiaMashhad
75%

Score Distribution

Percentile by Number Answered

Percent of People with Each Score

Your Score History

You have not taken this quiz